ORU THULLI MOUNAM (Record no. 5191)
[ view plain ]
| 000 -LEADER | |
|---|---|
| fixed length control field | 00265nam a22001337a 4500 |
| 082 ## - DEWEY DECIMAL CLASSIFICATION NUMBER | |
| Classification number | 814.812.3 |
| Item number | SUD/O |
| 100 ## - MAIN ENTRY--AUTHOR NAME | |
| Personal name | SUDIN |
| 245 ## - TITLE STATEMENT | |
| Title | ORU THULLI MOUNAM |
| 260 ## - PUBLICATION, DISTRIBUTION, ETC. (IMPRINT) | |
| Place of publication | ATTINGAL |
| Name of publisher | S.SUDIN |
| Year of publication | 2007 |
| 300 ## - PHYSICAL DESCRIPTION | |
| Number of Pages | 128 |
| 520 ## - SUMMARY, ETC. | |
| Summary, etc | NOVEL |
| 650 ## - SUBJECT ADDED ENTRY--TOPICAL TERM | |
| Topical Term | NOVEL |
| 942 ## - ADDED ENTRY ELEMENTS (KOHA) | |
| Koha item type | Books |
| Withdrawn status | Lost status | Collection code | Home library | Current library | Shelving location | Date acquired | Source of acquisition | Cost, normal purchase price | Full call number | Accession Number | Koha item type |
|---|---|---|---|---|---|---|---|---|---|---|---|
| Fiction | Main Library | Main Library | SHELF-16- K- MALAYALAM NOVELS,TRAVALOGUES | 12/05/2009 | Purchase | 50.00 | 814.812.3 SUD/O | 02030 | Books |